| 000 | 00420nam a22001457a 4500 | ||
|---|---|---|---|
| 082 |
_a355.02 _bAKH _cL-30 II, P-30 |
||
| 100 |
_aAkhlaque Ahmed _948681 |
||
| 245 | _aSelected mountain battles. | ||
| 260 |
_aRawalpindi _bArmy education press GHQ _c1981 |
||
| 300 |
_aiii, 98 p. _bill. |
||
| 526 |
_a0 _b0 _c0 _d355_020000000000000_AKH |
||
| 526 |
_a0 _b0 _c0 _d355_020000000000000_AKH |
||
| 650 |
_aMCE _9379 |
||
| 942 |
_2ddc _cBK |
||
| 999 |
_c551540 _d551540 |
||